History Quiz

Random History or War Quiz

¡Viva La Revolución! - World Uprisings Quiz Stats

 Plays Quiz Updated Jul 14, 2016

Challenge
Share
Tweet
Score 0/28 Timer 06:00
0 Plays Today
% Correct
Mohandas Gandhi
96.3%
The Boston Tea Party
96%
Fidel Castro
93.3%
Vietnam War
89.2%
Paris student riots
88.9%
Occupy Wall Street
84.9%
Bolshevik Party
84.2%
Dalai Lama
82.4%
1963
81.5%
The American Revolutionary War
81.3%
Northern Ireland
81.1%
Berlin
80.1%
Arab Spring protest
70.9%
Ukraine
64.2%
% Correct
Little Red Book
63.9%
Liberty, Equality, Fraternity (Brotherhood)
60.6%
Tiananmen Square
57%
Lech Walesa
55.7%
Prague Spring
55%
Bloody Sunday massacre
54.1%
Baltic States
53.9%
Czechoslovakia
52.9%
1899-1901
44.6%
Hungarian Uprising
44%
Carnation Revolution
43.1%
Emiliano Zapata
40.9%
Pahlavi Dynasty
19.2%
Taiping rebellion
16.5%

You're not logged in!

Compare scores with friends on all Sporcle quizzes.
OR
Log In

You Might Also Like...

Show Comments

Extras

Top Quizzes Today


Score Distribution

Your Account Isn't Verified!

In order to create a playlist on Sporcle, you need to verify the email address you used during registration. Go to your Sporcle Settings to finish the process.

Report this User

Report this user for behavior that violates our Community Guidelines.

Details: